000 00961nas a2200253 4500
001 BR9703205
003 BR-BrBNA
005 20231205100350.0
007 ta
008 230509b bl.|||p| |||| 00| 00por d
040 _aBR-BrBNA
_bpor
_cBiblioteca Nacional de Agricultura
041 _a(Pt)
072 _aQ54; L51
100 1 _aRosa, B.
245 1 _aAvaliacao da melhor idade para fenacao do capim andropogon (Andropogon gayanus var. bisquamulatus cv. Planaltina). 2. Consumo voluntario, digestibilidade aparente, indice de valor nutritivo e balanco de nitrogenio
650 _aCapim Andropogon
650 _aFenacao
650 _aComposicao de Alimento
650 _aValor Nutritivo
650 _aDigestibilidade
773 0 _tAnais da Escola de Agronomia e Veterinaria - Universidade Federal de Goias (Brazil)
_xISSN 0100-218X
_g(Jan-Dec 1993), v. 23(1) p. 105-117
_wBR9703205
909 _a202311
_bLúcia
_c55
_dLúcia Elande
942 _2AGRIS
_n0
_cANA
999 _c155608
_d155608